Подробности
| 000 -МАРКЕР |
| контрольное поле |
02351nam0a2200397 4500 |
| 001 - ИДЕНТИФИКАТОР ЗАПИСИ |
| контрольное поле |
RU\NLR\bibl\81930 |
| 005 - ИДЕНТИФИКАТОР ВЕРСИИ |
| контрольное поле |
20260407054554.0 |
| 010 ## - МЕЖДУНАРОДНЫЙ СТАНДАРТНЫЙ НОМЕР КНИГИ (ISBN) |
| Номер (ISBN) |
5-87846-250-8 |
| Тираж |
300 |
| 021 ## - НОМЕР ГОСУДАРСТВЕННОЙ РЕГИСТРАЦИИ |
| Код страны |
российская федерация |
| Номер |
1999-46135 |
| Номер Листа государственной регистраци |
2277 |
| 035 ## - ДРУГИЕ СИСТЕМНЫЕ НОМЕРА |
| Идентификатор записи |
(NLR Aleph) 000080005 |
| 100 ## - ДАННЫЕ ОБЩЕЙ ОБРАБОТКИ |
| Данные общей обработки |
20000424d1999 |||y0rusy50 ca |
| 101 0# - ЯЗЫК РЕСУРСА |
| Язык текста, звукозаписи и т.д. |
русский |
| 102 ## - СТРАНА ПУБЛИКАЦИИ ИЛИ ПРОИЗВОДСТВА |
| Страна публикации |
российская федерация |
| 105 ## - ПОЛЕ КОДИРОВАННЫХ ДАННЫХ: ТЕКСТОВЫЕ МАТЕРИАЛЫ, МОНОГРАФИЧЕСКИЕ |
| Кодированные данные о монографическом текстовом документе |
y ||||||||| |
| 200 1# - ЗАГЛАВИЕ И СВЕДЕНИЯ ОБ ОТВЕТСТВЕННОСТИ |
| Основное заглавие |
Грамматические категории и единицы: синтагматический аспект |
| Сведения, относящиеся к заглавию |
Материалы Третьей Междунар. конф. |
| -- |
[Владимир, 1999 |
| Первые сведения об ответственности |
Редкол.: ... А.Б. Копелиович (отв. ред.) и др.] |
| 210 ## - ПУБЛИКАЦИЯ, РАСПРОСТРАНЕНИЕ И ДР. |
| Место издания, распространения и т.д. |
Владимир |
| Имя издателя, распространителя и т. д. |
Каф. рус. яз. Владимир. гос. пед. ун-та |
| Дата издания, распространения и т.д. |
1999 |
| 215 ## - ФИЗИЧЕСКАЯ ХАРАКТЕРИСТИКА |
| Специфическое обозначение материала и объем |
234 с. |
| Размеры |
21 |
| 300 ## - ОБЩИЕ ПРИМЕЧАНИЯ |
| Текст примечания |
В надзаг.: Владимир. гос. пед. ун-т. Каф. рус. яз. |
| 320 ## - ПРИМЕЧАНИЯ О НАЛИЧИИ В ДОКУМЕНТЕ БИБЛИОГРАФИИ / УКАЗАТЕЛЯ |
| Текст примечания |
Библиогр. в конце докл. |
| 606 0# - НАИМЕНОВАНИЕ ТЕМЫ КАК ПРЕДМЕТ |
| Наименование темы |
Языки народов мира |
| Формальный подзаголовок |
Съезды, совещания и т.п. |
| Тематический подзаголовок |
Грамматика |
| Системный номер авторитетной/нормативной записи |
1998895 |
| Идентификатор авторитетной/нормативной записи |
RU\NLR\auth\661203563 |
| 606 0# - НАИМЕНОВАНИЕ ТЕМЫ КАК ПРЕДМЕТ |
| Наименование темы |
Языки народов мира |
| Формальный подзаголовок |
Сборники |
| Тематический подзаголовок |
Грамматика |
| Системный номер авторитетной/нормативной записи |
1998895 |
| Идентификатор авторитетной/нормативной записи |
RU\NLR\auth\661203563 |
| 606 0# - НАИМЕНОВАНИЕ ТЕМЫ КАК ПРЕДМЕТ |
| Наименование темы |
Языки народов мира |
| Формальный подзаголовок |
Съезды, совещания и т.п. |
| Тематический подзаголовок |
Грамматические категории |
| Системный номер авторитетной/нормативной записи |
1998908 |
| Идентификатор авторитетной/нормативной записи |
RU\NLR\auth\661203569 |
| 606 0# - НАИМЕНОВАНИЕ ТЕМЫ КАК ПРЕДМЕТ |
| Наименование темы |
Языки народов мира |
| Формальный подзаголовок |
Сборники |
| Тематический подзаголовок |
Грамматические категории |
| Системный номер авторитетной/нормативной записи |
1998908 |
| Идентификатор авторитетной/нормативной записи |
RU\NLR\auth\661203569 |
| 606 0# - НАИМЕНОВАНИЕ ТЕМЫ КАК ПРЕДМЕТ |
| Наименование темы |
Языки народов мира |
| Формальный подзаголовок |
Съезды, совещания и т.п. |
| Тематический подзаголовок |
Стилистика |
| Системный номер авторитетной/нормативной записи |
2000278 |
| Идентификатор авторитетной/нормативной записи |
RU\NLR\auth\661204274 |
| 606 0# - НАИМЕНОВАНИЕ ТЕМЫ КАК ПРЕДМЕТ |
| Наименование темы |
Языки народов мира |
| Формальный подзаголовок |
Сборники |
| Тематический подзаголовок |
Стилистика |
| Системный номер авторитетной/нормативной записи |
2000278 |
| Идентификатор авторитетной/нормативной записи |
RU\NLR\auth\661204274 |
| 686 ## - ИНДЕКСЫ ДРУГИХ КЛАССИФИКАЦИЙ |
| Индекс |
Ш12/17(0)-2я431 |
| 686 ## - ИНДЕКСЫ ДРУГИХ КЛАССИФИКАЦИЙ |
| Индекс |
Ш12/17(0)-7я431 |
| 702 #1 - ИМЯ ЛИЦА - ВТОРИЧНАЯ ОТВЕТСТВЕННОСТЬ |
| Начальный элемент ввода |
Копелиович |
| Часть имени, кроме начального элемента ввода |
А. Б. |
| Код отношения |
Редактор |
| 711 12 - НАИМЕНОВАНИЕ ОРГАНИЗАЦИИ - АЛЬТЕРНАТИВНАЯ ОТВЕТСТВЕННОСТЬ |
| Начальный элемент ввода |
Международная конференция по теме "Грамматические категории и единицы: синтагматический аспект" |
| Порядковый номер временной организации и / или порядковый номер ее части |
3 |
| Дата проведения временной организации |
1999 |
| Место проведения временной организации |
Владимир |
| Идентификатор авторитетной/нормативной записи |
RU\NLR\AUTH\8810024854 |
| Системный номер авторитетной/нормативной записи |
547936 |
| 801 #0 - ИСТОЧНИК ЗАПИСИ |
| Страна |
российская федерация |
| Организация |
NLR |
| Дата составления |
20000424 |
| Правила каталогизации |
PSBO |
| 801 #1 - ИСТОЧНИК ЗАПИСИ |
| Страна |
российская федерация |
| Организация |
NLR |
| Дата составления |
20000424 |
| 852 ## - МЕСТОНАХОЖДЕНИЕ И ШИФР ХРАНЕНИЯ |
| Идентификатор организации |
NLR |
| Шифр хранения (Call Number) |
2000-3/1648 |
| 942 ## - ДОПОЛНИТЕЛЬНЫЕ ЭЛЕМЕНТЫ ЗАПИСИ (АБИС) |
| Тип экземпляра АБИС |
Книга |
| 980 ## - КОЛЛЕКЦИЯ |
| Название коллекции |
Национальная библиография |